| 000 | 01165nam a2200241Ia 4500 | ||
|---|---|---|---|
| 003 | Ost | ||
| 005 | 20260507075803.0 | ||
| 008 | 260507s9999||||xx |||||||||||||| ||und|| | ||
| 020 | _a996166664x | ||
| 040 | _cfsecg | ||
| 041 | _aara | ||
| 082 | _a659.2 | ||
| 100 |
_aواضح، رشيد _eمؤلف |
||
| 245 | 0 |
_aعلاقات العمل في ظل الإصلاحات الاقتصادية في الجزائر / _c رشيد واضح |
|
| 260 |
_aالجزائر: _bدار هومة للنشر والتوزيع , _c2003 |
||
| 300 |
_a222 صفحة؛ _bإيضاحات ؛ _c23 سم |
||
| 504 | _aبيبليوغرافيا: ص ص.206-217 | ||
| 520 | _aيضم علاقة العمل وتطور تنظيمها، تكوين علاقة العمل وتنظيمها، نشأة علاقة العمل، تنظيم علاقات العمل الفردية والجماعية، انتهاء علاقة العمل وآثارها، أسباب انتهاء علاقة العمل، آثار إنتهاء علاقة العمل. | ||
| 653 | _aإدارة الأفراد | ||
| 653 | _aالتنمية الاقتصادية | ||
| 653 | _aالعلاقات العامة | ||
| 942 | _cكتاب | ||
| 999 |
_c46349 _d46349 |
||